Business statistics

Đã lưu trong:
Chi tiết về thư mục
Tác giả chính: Runyon, Richard P.
Định dạng: Sách
Ngôn ngữ:Tiếng Anh
Được phát hành: Richard D. Irwin. 1982.
Những chủ đề:
Các nhãn: Thêm thẻ
Không có thẻ, Là người đầu tiên thẻ bản ghi này!

MARC

LEADER 00000nam a22000005a 4500
001 4458
003 CL-ChBUA
005 20120815102853.0
008 070301s1982 xxu 000 0 eng
020 |a 0256026556 
040 |a CL-ChBUA  |c CL-ChBUA 
082 0 0 |a 519.5 
090 |c 4458  |d 4458 
100 1 |a Runyon, Richard P. 
245 1 0 |a Business statistics 
260 |b Richard D. Irwin.  |c 1982. 
300 |a 598 p.  |c 24 cm. 
504 |a Indice. 
650 4 |a ESTADISTICA. 
942 |c LIB 
952 |0 0  |1 0  |4 0  |7 0  |9 6626  |a UNACH  |b UNACH  |c 500  |d 2007-03-05  |i 22.290  |l 0  |o 519.5 / R 943b. c.2  |p 7625  |r 2014-04-21 00:00:00  |u 6626  |w 2012-08-08  |y LIB  |k 519.5 / R 943b. c.2 
999 |c 4458  |d 4458